[Event "WA State Championship (Rising Stars)"]
[Site "Redmond"]
[Date "2024.02.17"]
[Round "5"]
[White "Lee, Boas"]
[Black "Karamali, Saiya"]
[Result "0-1"]
[WhiteElo "1721"]
[BlackElo "1654"]
[Annotator "Saiya Karamali"]
[PlyCount "46"]
[EventDate "2.??.??"]

{[%evp 0,46,28,39,29,38,35,42,65,37,53,43,73,47,53,52,38,46,39,3,1,-59,-56,-57,-56,-74,-68,-50,162,-57,-75,-75,-69,-135,-156,-210,-171,-212,-214,-220,-232,-242,-223,-247,-210,-214,-171,-29997,-29998] This game ended suddenly, but looking over the game I was fascinated by the opening and early middlegame complexities. Both players were at the bottom of the standings going into the second weekend and we were running out of chances to turn things around.} 1. e4 d5 2. exd5 Nf6 3. Nf3 Bg4 4. Be2 Qxd5 5. h3 {Timely. Black would love to take on f3 but the endgame has never looked desirable to me, even though the computer likes it better. Instead, Black's position will quickly become cramped with her h5 bishop inhibiting the Queen's lateral movement to f5 and h5.} Bh5 (5... Bxf3 6. Bxf3 Qe5+ 7. Qe2 Qxe2+ 8. Bxe2 e5 {Supposedly, this is equal, but White has the bishop pair in the endgame.}) 6. O-O Nc6 7. d4 e6 8. c4 Qd7 (8... Qf5 {The move I would love to play, but the piece sacrifice leads to an unclear position} 9. g4 Bxg4 10. hxg4 Qxg4+ 11. Kh1 {Black has a strong attack, but it's hard to tell whether it's enough for the material}) 9. Nc3 (9. Be3 {This would have been more precise, with the bishop pointing towards White's queenside and discouraging Black from castling queenside. In the game, White could not play Be3 without sacrificing the d4 pawn.} Rd8 {In his excellent book on this line, David Smerdon says of this position "White has achieved everything she could want from her opening .. .. [but] Black's position is still very solid, and White is obliged to worry constantly about the d4-pawn." Still, I certainly would not love to be Black here!}) 9... O-O-O 10. Be3 $6 {This not only gives up a pawn, but takes some of the sting out of White's attack.} (10. Qa4 {The most critical move, forcing Black to play precisely} Bxf3 $1 11. Bxf3 Nxd4 12. Qxa7 Nxf3+ 13. gxf3 Qc6 {Black is doing fine here, but it certainly looks scary}) 10... Bxf3 11. Bxf3 Nxd4 12. Bxd4 Qxd4 13. Qa4 a6 $4 (13... Qb6 {This was the move I wanted to play, but I could not make it work.} 14. b4 Qxb4 15. Qxa7 Bc5 $1 {the move I missed} 16. Bxb7+ Kd7 {Again, Black's king is safe but it's tough to play this way}) 14. a3 $4 (14. Bxb7+ {Both of us missed this move, winning material} Kxb7 15. Rad1) 14... Bd6 15. Rfd1 Qc5 16. b4 Qxc4 $1 {The only move after which Black is better, undermining White's attack} (16... Qe5 17. b5 {White's attack breaks through}) 17. Rac1 Bf4 $1 18. Rc2 Rxd1+ 19. Bxd1 Qd4 (19... Rd8 20. Bf3 Rd2 {This would have been simpler, giving White fewer chances to drum up an attack}) 20. Bf3 Rd8 21. Qb3 Bd6 (21... Ne4 $1 {another nice idea that leads to simplification. The knight cannot be taken on account of White's back rank issues., and Nxc3 cannot be stopped.} 22. b5 a5 {Nxc3 cannot be stopped}) 22. b5 Qe5 23. Re2 $4 {Blundering into mate in 2.} (23. g3 a5 24. b6 c6 {this certainly looked scary as I was struggling to make time control} 25. Na4 Kb8 {[%emt 0:00:40] Black is winning here, but it would not have been easy to defend with only 20 minutes to reach move}) 23... Qh2+ 0-1

[Event "WA State Championship (Prodigies)"]
[Site "Redmond, WA"]
[Date "2024.02.11"]
[Round "3"]
[White "Shah, Kanav"]
[Black "Wong, Kate"]
[Result "1-0"]
[WhiteElo "1200"]
[BlackElo "1277"]
[Annotator "Kanav Shah"]
[PlyCount "109"]
[EventDate "2024.02.10"]
[EventType "tourn"]
[EventCountry "USA"]

{[%evp 0,109,20,-6,-20,-15,25,54,90,71,66,56,69,57,58,-2,52,-1,22,45,54,2,28,22,36,28,80,42,92,98,107,93,78,82,171,150,168,170,170,146,166,154,158,77,139,147,148,156,171,186,184,189,183,201,217,221,235,232,239,242,245,244,274,244,246,222,273,250,594,600,595,602,612,592,589,573,617,506,507,514,529,535,536,541,546,553,560,439,448,416,535,542,627,576,583,539,540,584,652,695,721,744,1014,977,1252,1282,1749,1799,29987,29988,29999,29999]} 1. c4 e5 2. Nc3 Bc5 3. e3 c6 4. a3 $5 {d4 would be a normal move but after pawn trade Bb4 would be annoying pin so a3.} Nf6 5. d4 exd4 6. exd4 Bb6 7. Bg5 h6 8. Bh4 Qe7+ 9. Be2 O-O 10. d5 $6 {Trying to take the space advantage and stopping opponents d5. Better would be Nf3 and castle.} d6 11. Nf3 Nbd7 12. O-O Ne5 13. Nxe5 Qxe5 $2 {This looses the pawn instantly so better would be:-} (13... dxe5 14. Re1 Re8 15. Bf3 $16) 14. dxc6 bxc6 15. Bg3 Qe6 16. Qxd6 Qxd6 17. Bxd6 Re8 18. c5 $1 {Completely shutting down the dark bishop's diagonal and fixing the c6 weakness.} Bd8 19. b4 Be7 20. Bxe7 Rxe7 21. a4 $2 {Missed the easy way to convert the advantage. Though its still better for white.} (21. Bf3 $1 Bb7 22. Rfe1 Rxe1+ 23. Rxe1 {followed by b5.}) 21... Rc7 22. Rac1 Rb8 23. b5 cxb5 24. Nxb5 Re7 25. Bd3 Ba6 26. c6 Bxb5 $6 {Can't give connected passed pawns so easily.} 27. axb5 Rc7 28. Ra1 {Rule of 2 weaknesses:- a7 and passed pawn.} Nd5 29. Ra5 Nb6 30. Rfa1 Ra8 31. Ra6 {With the idea of Rxb6!} Rd8 32. Bc2 Re8 33. h3 {Stopping the only threat that black possesses, which is back rank mate.} Ree7 $4 {Forgetting the same back rank mate for herself.} 34. Rxb6 $3 g6 (34... axb6 35. Ra8+) 35. Rb8+ {Rest is mere formality.} Kg7 36. Rb1 h5 37. Ba4 Kf6 38. b6 axb6 39. R8xb6 Re6 40. Rb7 {Simplifying the material always helps.} Ree7 41. Rxc7 Rxc7 42. Rb7 Rc8 43. c7 {Clearer would be:-} (43. Rd7 Ke6 44. c7 {Blocking the king from attacking on c7 pawn.}) 43... Ke7 44. Kh2 Ke6 45. Kg3 g5 46. h4 f6 47. hxg5 fxg5 48. f4 h4+ 49. Kh3 gxf4 50. Kxh4 f3 {Final Desperation} 51. gxf3 Ke7 52. Kg5 Rg8+ 53. Kf4 Rc8 54. Ke5 Ra8 55. c8=Q# {1-0. Very rare and interesting mate. "Promotion mate"} 1-0

[Event "WA State Championship (Prodigies)"]
[Site "Redmond, WA"]
[Date "2024.02.11"]
[Round "4"]
[White "Bharadwaj, Samarth"]
[Black "Xu, Zoe"]
[Result "1-0"]
[WhiteElo "1353"]
[BlackElo "1217"]
[Annotator "Samarth Bharadwaj"]
[PlyCount "85"]
[EventDate "2024.02.10"]
[EventType "tourn"]
[EventCountry "USA"]

{[%evp 0,44,20,24,60,43,66,65,68,38,48,34,42,17,35,38,31,29,28,35,22,20,30,29,142,169,239,224,231,224,227,244,241,237,257,257,346,271,376,397,393,316,316,316,495,507,611]} 1. e4 c5 2. Nf3 d6 3. d4 cxd4 4. Nxd4 Nc6 5. Nc3 Nf6 6. h3 {I thought my opponent would play e5 or e6 but I did not expect Bd7} Bd7 {I had not seen this move before} 7. Be3 g6 8. Qd2 Bg7 9. O-O-O a6 10. f3 Qc7 11. g4 O-O-O $2 12. g5 $1 {I liked this move a lot as after 12.Nh5 13.Nd5 comes with a lot of force!} Nh5 13. Nd5 $1 Qb8 14. Nxc6 {I was trying to find a way to attack the king but could not find a blow.} Bxc6 15. Nxe7+ Kd7 16. Nd5 Bxd5 17. Qxd5 Ke7 18. Rg1 $2 {I touched the rook on accident and played a nothing move as a result} Rhe8 $2 19. Bc4 $1 Rf8 20. f4 $1 {starting the attack!} b5 21. Bb3 Rd7 22. e5 Qb7 23. exd6+ Kd8 24. Bb6+ $3 {declining the queen trade in style.} Kc8 25. Qc5+ Kb8 26. Bd5 $1 {black is to cramped to reach the half point.} Qc8 27. Bc6 $1 {27.Bc7+ wins only an exchange however 27.Bc6 wins two therefore what I chose.} Rfd8 28. Bxd8 {If 28.Rxd8 29.Qb6+ is game over.} Qxd8 29. Bxd7 {Being up two exchanges convertion was simple.} Qxd7 30. Qb6+ Kc8 31. Rge1 Nxf4 32. Re7 Ne2+ 33. Kb1 Nf4 34. Rxd7 Kxd7 35. Qc7+ Ke6 36. d7 Kf5 37. d8=Q Nxh3 38. Qd5+ Kg4 39. Qc8+ Kg3 40. Rd3+ Kf4 41. Qe8 Nxg5 42. Qe3+ Kg4 43. Qexg5# 1-0

[Event "WA State Championship (Prodigies)"]
[Site "Redmond, WA"]
[Date "2024.02.11"]
[Round "4"]
[White "Wong, Kate"]
[Black "Chen, Andy"]
[Result "1/2-1/2"]
[WhiteElo "1277"]
[BlackElo "1419"]
[Annotator "Ralph Dubisch"]
[PlyCount "143"]
[EventDate "2024.02.10"]
[EventType "tourn"]
[EventCountry "USA"]

{[%evp 0,143,25,16,71,60,78,65,34,40,55,44,48,21,29,16,33,48,52,50,45,45,48,44,71,69,79,42,58,33,32,34,25,19,19,6,3,-2,0,-33,-58,-67,-79,-58,0,0,-26,-47,-40,-75,-76,-61,-64,-66,-57,-59,-10,0,61,31,21,35,28,-49,-53,-57,-57,-101,-82,-80,-109,-90,-80,-131,-24,-45,-38,-38,-15,-25,0,-22,-6,-21,-28,-38,-32,-46,7,8,3,7,1,0,0,0,25,-18,-14,-7,0,-18,-12,-10,-17,-20,-18,-17,-17,-15,-12,-11,-13,-23,-10,-12,-5,-6,-16,-5,-5,-5,-5,-25,-6,-26,-23,-14,-11,-4,0,0,0,0,0,0,0,0,0,0,0,0,0,0,0,0]} 1. e4 c5 2. Nf3 d6 3. Bb5+ Bd7 4. Bxd7+ Qxd7 5. O-O Nf6 6. Re1 Nc6 7. c3 g6 ({The sort of "normal" way to play this position is} 7... e6 8. d4 cxd4 9. cxd4 d5 10. e5 Ne4 {with rough equality. Development might continue} 11. Nbd2 Nxd2 12. Bxd2 Be7 13. Rc1 O-O {.}) 8. d4 cxd4 9. cxd4 Bg7 ({The reason 7...e6 is preferred over ...g6 is seen in the line} 9... d5 10. e5 Ne4 $14 {, where Black's bishop has a more limited role on g7, biting on the white central pawn chain.}) 10. Nc3 ({White can also consider the space-grab} 10. d5 $14 {, here or on one of the next few moves, with a small edge:} Ne5 11. Nxe5 dxe5 12. Nc3 {.}) 10... O-O 11. Bg5 Rfd8 12. Qd2 Rac8 13. Bh6 b6 $6 ({Weakening the c6-square, which has the potential to become an outpost for White.} 13... e5 {instead requests some central clarification, and after} 14. Bxg7 Kxg7 {Black's disadvantage is manageable.}) 14. Qg5 ({It isn't clear what this is intended to accomplish.} 14. Bxg7 Kxg7 15. d5 Ne5 {and now instead of capturing on e5 as in previous lines involving the d5 advance,} 16. Nd4 $1 {eyes that c6-outpost square.}) 14... Qg4 15. Qxg4 (15. Qe3 $14) 15... Nxg4 16. Bxg7 Kxg7 17. a3 ({Creating minor weaknesses.} 17. Rad1 {completes centralization with equality.}) 17... Na5 18. h3 Nf6 19. Rad1 $2 ({It suddenly becomes difficult to defend tactics involving the b2-pawn and under-defended knight on c3.} 19. Rac1 {was safer, adding protection to the knight on the open file.}) 19... Nc4 $1 20. Rb1 Nxb2 (20... Nxa3 $1 {is more forcing, disallowing knight moves in reply by hitting the white rook.}) 21. Nb5 $1 Nc4 $6 ({Introducing various desperado-style tactics that muddy the position.} 21... Rc2 $1 22. Nxa7 $6 Ra8 23. Nb5 Ra5 $17) 22. Nxa7 Ra8 23. Nb5 (23. Nc6 Rdc8 24. Nxe7 Rc7 25. e5 $5 $13) 23... d5 24. exd5 (24. Nc7 $5 Rxa3 25. Nxd5 Nxd5 26. exd5 Rxf3 $1 27. gxf3 Nd2 28. Kg2 Nxb1 29. Rxb1 {with a position deserving an endgame study all its own. Evaluation? Certainly no winning chances for White, but are there any for Black? No idea. Could be fun!}) 24... Nxd5 25. Rb3 Ra5 26. Rc1 Rc8 27. Rc2 Kf6 $6 (27... Rc6 $15 {prevents 28.Ne5.}) 28. Ne5 Ra4 $6 29. Nc3 (29. Rf3+ $1 {shifts the initiative to White! Since 29...Ke6?? 30.Re2 is winning for White, Black must retreat:} Kg7 (29... Kg5 30. Nxf7+ $16) 30. Rxf7+ Kg8 31. Rf3 $14) 29... Nxc3 30. Rbxc3 b5 31. Nd7+ ({White plays for a repetition.} 31. Rf3+ Ke6 32. Re2 Kd5 {is probably heading toward a complicated draw.}) 31... Kg7 32. Ne5 f6 $1 33. Nd3 $6 (33. Nxc4 Rcxc4 (33... Raxc4 34. Rxc4 Rxc4 $4 (34... bxc4 {:} 35. Kf1 Kf7 36. Ke1 $1 Ke6 37. Re2+ $1 Kd6 38. Kd2 Ra8 39. Kc3 {.}) 35. Rxc4 bxc4 36. Kf1 {and White's outside passed pawn is decisive.}) 34. d5 f5 35. Rxc4 bxc4 36. Rc3 f4 $15) 33... Rca8 34. Nb2 Nxa3 35. Re2 R4a7 36. Rb3 $6 (36. Rc5 Rb7 37. d5 {leads to a tough defense, when Black certainly has some chances to convert the extra pawn.}) 36... Nb1 $6 (36... Rc8 $17 {puts Black's rooks on both open files. Activity matters.}) 37. Nd1 Na3 38. Nc3 {Now it is hard to hang onto the extra pawn, and even if Black manages to pick up the white d-pawn, four versus three on the kingside is a technically drawn single rook ending.} Nc4 39. Rxb5 Rd8 40. d5 Ra1+ 41. Kh2 Rd7 42. Re6 Rc1 43. Na4 Rc2 44. Rc5 Na3 45. Rxc2 Nxc2 46. Nb6 Rb7 47. Nc4 Kf7 48. Re2 Nd4 49. Rd2 Nb3 50. Re2 Nd4 51. Rd2 Nf5 52. d6 Rd7 53. dxe7 Rxd2 54. Nxd2 Kxe7 55. g4 Nd4 56. Kg2 Ke6 57. f4 Kd5 58. Kf2 Nc2 59. Kf3 Kd4 60. Nb3+ Kc4 61. Nc1 Kc3 62. h4 f5 63. gxf5 gxf5 64. Ne2+ Kd2 65. Ng3 Nd4+ 66. Kf2 Kd3 67. Nh5 Ke4 68. Nf6+ Kxf4 69. Nxh7 Kg4 70. Nf6+ Kxh4 71. Nd5 Kg4 72. Ne3+ {A nicely played, tough battle. Congratulations to the players.} 1/2-1/2